000 01037nam a22003017a 4500
003 CHAP
005 20220329133321.0
008 971013s1989 r 00010 d
010 _a4810
011 _a5782
035 _a4998
040 _cCHAP
090 _aFolleto 13502
100 0 0 _aCastellanos Suárez, José Alfredo.
_920024
245 _aToma de tierras a la Hacienda de San Antonio por los ejidos del Municipio de Acolman, Estado de México (1935-1940)
260 _aChapingo, Méx. :
_bUACH. Departamento de Trabajos de Campo Universitarios,
_c1989
300 _a58 p.
_b: ilus
500 _aD54-193
590 _aBATCH-UPD
_b10
_c20130110
_lUCH01
_h1315
590 _aBATCH-UPD
_b10
_c20130410
_lUCH01
_h0827
590 _aBATCH-UPD
_b10
_c20130914
_lUCH01
_h0856
590 _aCONVERSION
_b10
_c20130109
_lUCH01
_h1304
650 1 4 _aExpropiación de la tierra.
_939134
650 1 4 _aTierras
_xTenencia
_zMéxico (Edo.).
_9113216
901 _aBK
942 _cFOLL
949 _aFolleto 13502
_bBC
_cUACH
_d-14564
_eUACH
_i4998
_mD
_si
999 _c4810
_d4810